A törvényeket nem kőtáblába vésték mondja dr. Kilényi Géza alkotmánybíró.
Elmentve itt :
| Dokumentumtípus: | Cikk |
|---|---|
| Megjelent: |
1993-03-13
|
| Sorozat: | Délmagyarország
|
| Kulcsszavak: | Recenzió, Kaltenbach Jenő, Kerekasztal beszélgetés, jogászok |
| Online Access: | http://univ.bibl.u-szeged.hu/27848 |
| LEADER | 00534nab a2200157 i 4500 | ||
|---|---|---|---|
| 001 | univ27848 | ||
| 005 | 20171214104915.0 | ||
| 008 | 171214s1993 hu o 0|| zxx d | ||
| 040 | |a SZTE UnivHistória Repozitórium |b hun | ||
| 041 | |a zxx | ||
| 245 | 0 | 2 | |a A törvényeket nem kőtáblába vésték mondja dr. Kilényi Géza alkotmánybíró. |h [elektronikus dokumentum] |
| 260 | |c 1993-03-13 | ||
| 300 | |a 3 | ||
| 490 | 0 | |a Délmagyarország | |
| 561 | |a Egyetemi hirarchívum | ||
| 695 | |a Recenzió, Kaltenbach Jenő, Kerekasztal beszélgetés, jogászok | ||